[Event "EU-ch 24th"]
[Site "Petrovac"]
[Date "2024.11.12"]
[Round "5"]
[White "Kacharava, Nikoloz"]
[Black "Mikac, Matjaz"]
[Result "1/2-1/2"]
[WhiteElo "2525"]
[BlackElo "2392"]
[PlyCount "90"]
[EventDate "2024.11.08"]
[EventType "swiss"]
[EventRounds "11"]
[EventCountry "MNE"]
[SourceTitle "CB47_2024"]
[SourceDate "2024.11.20"]
[SourceVersion "1"]
[SourceVersionDate "2024.11.20"]
[SourceQuality "1"]

1. e4 e5 2. Nf3 Nc6 3. Bc4 Nf6 4. Ng5 d5 5. exd5 Na5 6. Bb5+ Bd7 7. Qe2 Be7 8. Nf3 Nxd5 9. Bxd7+ Qxd7 10. Nxe5 Qf5 11. d4 Nb4 12. Na3 0-0-0 13. c3 f6 14. Qg4 Nd3+ 15. Ke2 Qxg4+ 16. Nxg4 Nxc1+ 17. Raxc1 Bxa3 18. bxa3 Nc4 19. Rhd1 Rd6 20. Ne3 Re8 21. Kf3 Nxe3 22. fxe3 Ra6 23. g4 Rxa3 24. Rc2 Re6 25. Rb1 Rc6 26. Rb3 Ra4 27. Ke4 a6 28. Rg2 g6 29. h4 b5 30. h5 Re6+ 31. Kf4 Rc4 32. hxg6 hxg6 33. e4 c5 34. Ke3 Rd6 35. d5 f5 36. gxf5 gxf5 37. Rg8+ Kc7 38. Rg7+ Kd8 39. exf5 Rxd5 40. Ra3 Re5+ 41. Kd2 Rd5+ 42. Kc2 b4 43. Rxa6 Rxc3+ 44. Kb2 Rd2+ 45. Kb1 Rd1+ 1/2-1/2

[Event "EU-ch 24th"]
[Site "Petrovac"]
[Date "2024.11.10"]
[Round "3"]
[White "Brunello, Sabino"]
[Black "Mikac, Matjaz"]
[Result "1/2-1/2"]
[WhiteElo "2518"]
[BlackElo "2392"]
[PlyCount "97"]
[EventDate "2024.11.08"]
[EventType "swiss"]
[EventRounds "11"]
[EventCountry "MNE"]
[SourceTitle "CB47_2024"]
[SourceDate "2024.11.20"]
[SourceVersion "1"]
[SourceVersionDate "2024.11.20"]
[SourceQuality "1"]

1. e4 e5 2. Nf3 Nc6 3. Bb5 a6 4. Ba4 Nge7 5. h4 d6 6. c3 Bg4 7. d3 Ng6 8. h5 Nh4 9. Kf1 Be7 10. Nbd2 0-0 11. Qe1 Bxf3 12. Nxf3 Nxf3 13. gxf3 Bg5 14. Bxg5 Qxg5 15. Qe3 Qf6 16. Bxc6 bxc6 17. Rg1 Kh8 18. Ke2 Qe6 19. Qg5 Rg8 20. Kd2 Raf8 21. Qf5 Qxf5 22. exf5 g6 23. fxg6 fxg6 24. hxg6 Rxg6 25. Rxg6 hxg6 26. Ke3 Kg7 27. b4 a5 28. bxa5 Ra8 29. f4 exf4+ 30. Kxf4 Rxa5 31. a4 Kf6 32. Ke4 Ke6 33. f4 d5+ 34. Ke3 c5 35. c4 c6 36. Kf3 Kf5 37. Ra2 g5 38. fxg5 Kxg5 39. Ke3 Kf5 40. Kd2 Ke5 41. Kc3 Kd6 42. Kb3 Ke5 43. Kc3 Kd6 44. Ra1 Kc7 45. Kb3 Kd6 46. Rh1 Ra8 47. Rh6+ Kc7 48. Rh7+ Kb6 49. cxd5 1/2-1/2

[Event "SLO-chT"]
[Site "Slovenia"]
[Date "2013.11.23"]
[Round "2"]
[White "Skoberne, Jure"]
[Black "Mikac, Matjaz"]
[Result "1/2-1/2"]
[WhiteElo "2573"]
[BlackElo "2396"]
[PlyCount "97"]
[EventDate "2013.11.22"]
[EventType "team-tourn"]
[EventRounds "9"]
[EventCountry "SLO"]
[SourceTitle "EXT 2015"]
[Source "ChessBase"]
[SourceDate "2014.11.20"]
[SourceVersion "1"]
[SourceVersionDate "2014.11.20"]
[SourceQuality "1"]
[WhiteTeam "Maribor ZSK"]
[BlackTeam "Maribor Branik"]
[WhiteTeamCountry "SLO"]
[BlackTeamCountry "SLO"]

1. e4 c5 2. Nc3 Nc6 3. f4 g6 4. Nf3 Bg7 5. Bb5 Nd4 6. 0-0 Nxb5 7. Nxb5 d5 8. exd5 a6 9. Nc3 Nf6 10. d4 Nxd5 11. dxc5 Nxc3 12. Qxd8+ Kxd8 13. bxc3 Bxc3 14. Rb1 Kc7 15. Rb3 Bf6 16. Bd2 a5 17. Rfb1 Ra7 18. f5 Bd7 19. Bf4+ Kc8 20. Be5 Rd8 21. fxg6 hxg6 22. Bxf6 exf6 23. Rd3 a4 24. Rbd1 Kc7 25. a3 Raa8 26. Kf2 Bf5 27. Rxd8 Rxd8 28. Rxd8 Kxd8 29. Nd4 Bd7 30. Ke3 Ke7 31. g3 f5 32. Kf4 f6 33. h4 Kf7 34. c4 Ke7 35. Nb5 Ke6 36. Nd6 Bc6 37. h5 gxh5 38. Nxf5 Kf7 39. Nd4 Kg6 40. Ne6 Kf7 41. Nc7 Kg6 42. Nb5 Bd7 43. Nc3 Bc6 44. Nd5 Bd7 45. Nc3 Bc6 46. Ne2 Bd7 47. Nd4 Bc6 48. Ne6 Kf7 49. Nd4 1/2-1/2

[Event "SLO-chT 22th"]
[Site "Ljubljana"]
[Date "2012.12.09"]
[Round "9"]
[White "Dizdar, Goran"]
[Black "Mikac, Matjaz"]
[Result "1/2-1/2"]
[WhiteElo "2499"]
[BlackElo "2394"]
[PlyCount "91"]
[EventDate "2012.11.23"]
[EventType "team-tourn"]
[EventRounds "9"]
[EventCountry "SLO"]
[SourceTitle "CBM 151 Extra"]
[Source "ChessBase"]
[SourceDate "2012.12.18"]
[SourceVersion "1"]
[SourceVersionDate "2012.12.18"]
[SourceQuality "1"]
[WhiteTeam "Krsko Triglav"]
[BlackTeam "Maribor Branik"]
[WhiteTeamCountry "SLO"]
[BlackTeamCountry "SLO"]

1. Nf3 c5 2. c4 g6 3. d4 cxd4 4. Nxd4 Nc6 5. Nc2 Bg7 6. e4 Nf6 7. Nc3 d6 8. Be2 0-0 9. 0-0 Nd7 10. Bd2 Nc5 11. f3 a5 12. Be3 Be6 13. Na3 a4 14. Rc1 Qa5 15. Rf2 Rfc8 16. Bf1 h5 17. Nd5 Bxd5 18. cxd5 Ne5 19. Rfc2 Kh7 20. Be2 Qd8 21. g3 Bh6 22. f4 Ned7 23. Bf3 Bg7 24. Kg2 Na6 25. Rxc8 Rxc8 26. Rxc8 Qxc8 27. Qxa4 Bxb2 28. Nc4 Bg7 29. Qb5 Nc7 30. Qb3 Na6 31. Qb5 Nc7 32. Qb3 Na6 33. Na5 Nac5 34. Qb5 Qc7 35. Nc4 b6 36. a3 Qa7 37. h3 Qc7 38. a4 h4 39. g4 Nd3 40. Kf1 N7c5 41. Nxb6 Nb2 42. Bxc5 dxc5 43. e5 Bxe5 44. fxe5 Qxe5 45. Qe2 Qc3 46. Kg1 1/2-1/2

[Event "SLO-chT 22th"]
[Site "Ljubljana"]
[Date "2012.11.25"]
[Round "3"]
[White "Mikac, Matjaz"]
[Black "Volf, Ziga"]
[Result "1-0"]
[WhiteElo "2394"]
[BlackElo "2230"]
[PlyCount "81"]
[EventDate "2012.11.23"]
[EventType "team-tourn"]
[EventRounds "9"]
[EventCountry "SLO"]
[SourceTitle "CBM 151 Extra"]
[Source "ChessBase"]
[SourceDate "2012.12.18"]
[SourceVersion "1"]
[SourceVersionDate "2012.12.18"]
[SourceQuality "1"]
[WhiteTeam "Maribor Branik"]
[BlackTeam "Novo Mesto Krka"]
[WhiteTeamCountry "SLO"]
[BlackTeamCountry "SLO"]

1. Nf3 Nf6 2. d4 g6 3. Bg5 Bg7 4. Nbd2 0-0 5. c3 d6 6. e4 Nc6 7. Bd3 e5 8. dxe5 Nxe5 9. Nxe5 dxe5 10. Be2 Be6 11. Qc2 h6 12. Bh4 c6 13. a4 a5 14. 0-0 Qc7 15. Bc4 Rae8 16. Bxe6 Rxe6 17. Nc4 Rfe8 18. f3 Bf8 19. Bf2 Nd7 20. Rfd1 b5 21. axb5 cxb5 22. Nxa5 b4 23. c4 Nb6 24. c5 Rc8 25. c6 Ra8 26. Qe2 Rd6 27. Rxd6 Bxd6 28. Qb5 Nc8 29. h3 h5 30. Kh2 Kg7 31. Ra4 Kg8 32. Nc4 Rxa4 33. Qxa4 Ne7 34. Bb6 Qb8 35. Qb5 Nc8 36. Nxd6 Qxd6 37. Bc5 Qf6 38. Qb7 Qf4+ 39. Kh1 Qc1+ 40. Bg1 Nd6 41. Qb8+ 1-0

[Event "SLO-chT"]
[Site "Slovenia"]
[Date "2011.06.11"]
[Round "8"]
[White "Mikac, Matjaz"]
[Black "Jelen, Igor"]
[Result "1/2-1/2"]
[WhiteElo "2386"]
[BlackElo "2401"]
[PlyCount "60"]
[EventDate "2011.05.27"]
[EventType "team-tourn"]
[EventRounds "9"]
[EventCountry "SLO"]
[SourceTitle "CBM 142 Extra"]
[Source "ChessBase"]
[SourceDate "2011.06.27"]
[SourceVersion "1"]
[SourceVersionDate "2011.06.27"]
[SourceQuality "1"]
[WhiteTeam "Maribor Branik"]
[BlackTeam "Milan Vidmar"]
[WhiteTeamCountry "SLO"]
[BlackTeamCountry "SLO"]

1. Nf3 c5 2. g3 g6 3. Bg2 Bg7 4. c4 Nc6 5. Nc3 e6 6. e3 Nge7 7. d4 cxd4 8. Nxd4 d5 9. cxd5 Nxd4 10. exd4 Nxd5 11. 0-0 0-0 12. Nxd5 exd5 13. Qb3 Be6 14. Qxb7 Bxd4 15. Bf4 Qb6 16. Bxd5 Bxd5 17. Qxd5 Rfd8 18. Qf3 Bxb2 19. Rab1 Qf6 20. Kg2 Rac8 21. Rfd1 Rxd1 22. Rxd1 Rd8 23. Rxd8+ Qxd8 24. Be3 Bd4 25. Qd1 Qa8+ 26. Qf3 Qd8 27. Qd1 Qa8+ 28. Qf3 Qd8 29. Qd1 Qa8+ 30. Qf3 Qd8 1/2-1/2

[Event "SLO-chT"]
[Site "Slovenia"]
[Date "2011.06.10"]
[Round "7"]
[White "Srebrnic, Marko"]
[Black "Mikac, Matjaz"]
[Result "0-1"]
[WhiteElo "2354"]
[BlackElo "2386"]
[PlyCount "66"]
[EventDate "2011.05.27"]
[EventType "team-tourn"]
[EventRounds "9"]
[EventCountry "SLO"]
[SourceTitle "CBM 142 Extra"]
[Source "ChessBase"]
[SourceDate "2011.06.27"]
[SourceVersion "1"]
[SourceVersionDate "2011.06.27"]
[SourceQuality "1"]
[WhiteTeam "Nova Gorica"]
[BlackTeam "Maribor Branik"]
[WhiteTeamCountry "SLO"]
[BlackTeamCountry "SLO"]

1. e4 c6 2. d4 d5 3. f3 dxe4 4. fxe4 e5 5. Nf3 Bg4 6. Bc4 Nd7 7. 0-0 Ngf6 8. c3 Bd6 9. Be3 0-0 10. Nbd2 Qc7 11. h3 Bh5 12. Qc2 b5 13. Bd3 a6 14. a4 Bg6 15. b4 exd4 16. cxd4 Bxb4 17. axb5 axb5 18. Rxa8 Rxa8 19. Bxb5 Ra3 20. Bd3 Rc3 21. Qb1 c5 22. Bf2 Nf8 23. Ne5 Ne6 24. Nxg6 hxg6 25. e5 Nf4 26. Be4 Ne2+ 27. Kh1 Nh5 28. Re1 Nhg3+ 29. Kh2 cxd4 30. Nf3 Rxf3 31. Bxf3 Qxe5 32. Bxg3 Qxg3+ 33. Kh1 Bd6 0-1

[Event "SLO-chT"]
[Site "Slovenia"]
[Date "2011.06.05"]
[Round "6"]
[White "Mikac, Matjaz"]
[Black "Brumen, Dinko"]
[Result "1/2-1/2"]
[WhiteElo "2386"]
[BlackElo "2355"]
[PlyCount "61"]
[EventDate "2011.05.27"]
[EventType "team-tourn"]
[EventRounds "9"]
[EventCountry "SLO"]
[SourceTitle "CBM 142 Extra"]
[Source "ChessBase"]
[SourceDate "2011.06.27"]
[SourceVersion "1"]
[SourceVersionDate "2011.06.27"]
[SourceQuality "1"]
[WhiteTeam "Maribor Branik"]
[BlackTeam "Krsko Triglav"]
[WhiteTeamCountry "SLO"]
[BlackTeamCountry "SLO"]

1. Nf3 Nf6 2. g3 d5 3. Bg2 e6 4. 0-0 Be7 5. c4 0-0 6. d4 dxc4 7. Qc2 a6 8. a4 Bd7 9. Qxc4 Bc6 10. Bg5 Bd5 11. Qc2 Be4 12. Qd1 Nbd7 13. Nc3 Bc6 14. Qc2 h6 15. Bxf6 Nxf6 16. Rfd1 Bb4 17. Ne5 Bxg2 18. Kxg2 Nd7 19. Nd3 Bxc3 20. bxc3 Qe7 21. Qb3 b6 22. Qc4 Rfc8 23. Qc6 Qd6 24. Qf3 Rab8 25. Nb4 Ra8 26. Nc6 Kf8 27. h4 Qd5 28. Qxd5 exd5 29. Rdc1 Re8 30. e3 Re6 31. Nb4 1/2-1/2

[Event "SLO-chT"]
[Site "Slovenia"]
[Date "2011.06.03"]
[Round "4"]
[White "Mikac, Matjaz"]
[Black "Gostisa, Leon F"]
[Result "1/2-1/2"]
[WhiteElo "2386"]
[BlackElo "2396"]
[PlyCount "138"]
[EventDate "2011.05.27"]
[EventType "team-tourn"]
[EventRounds "9"]
[EventCountry "SLO"]
[SourceTitle "CBM 142 Extra"]
[Source "ChessBase"]
[SourceDate "2011.06.27"]
[SourceVersion "1"]
[SourceVersionDate "2011.06.27"]
[SourceQuality "1"]
[WhiteTeam "Maribor Branik"]
[BlackTeam "Vrhnika"]
[WhiteTeamCountry "SLO"]
[BlackTeamCountry "SLO"]

1. e4 c6 2. d4 g6 3. Nf3 d5 4. exd5 cxd5 5. c4 Nf6 6. Nc3 Bg7 7. cxd5 0-0 8. Bc4 Nbd7 9. 0-0 Nb6 10. Bb3 Nbxd5 11. Re1 b6 12. Bg5 Bb7 13. Rc1 Nxc3 14. bxc3 Rc8 15. Ne5 Qd6 16. Qd3 Nd5 17. c4 Nb4 18. Qe3 Bxe5 19. dxe5 Qc5 20. Qxc5 bxc5 21. Rcd1 Rc7 22. e6 fxe6 23. Rxe6 Nc6 24. Rde1 Bc8 25. Bxe7 Bxe6 26. Bxf8 Nd4 27. Bd6 Rc6 28. Be5 Nxb3 29. axb3 Rb6 30. f3 Rxb3 31. Bd6 Kf7 32. Ra1 Rb7 33. Bxc5 Bxc4 34. Bxa7 h5 35. h4 Bd3 36. Kh2 Bf5 37. Kg3 Rb4 38. Be3 Rc4 39. Ra7+ Ke6 40. Ra6+ Kf7 41. Bf4 Ke7 42. Be5 Kf7 43. Rd6 Ke7 44. Rd1 Ke6 45. Bd4 Kd5 46. Be3+ Ke6 47. Rd2 Ra4 48. Bg5 Rc4 49. Re2+ Kf7 50. Re7+ Kf8 51. Ra7 Ke8 52. Bf6 Kf8 53. Be5 Ke8 54. Bd6 Rc6 55. Ba3 Rc4 56. Re7+ Kd8 57. Re5 Kd7 58. Bc5 Kc6 59. Be3 Kd6 60. Bf4 Kd7 61. Re1 Ra4 62. Re2 Rc4 63. Bg5 Kd6 64. Bf6 Kd5 65. Re1 Ra4 66. Bg5 Rc4 67. Rg1 Ra4 68. Bd8 Rb4 69. Kf2 Rb1 1/2-1/2

[Event "SLO-chT"]
[Site "Slovenia"]
[Date "2011.05.28"]
[Round "2"]
[White "Mikac, Matjaz"]
[Black "Ribli, Zoltan"]
[Result "1/2-1/2"]
[WhiteElo "2386"]
[BlackElo "2587"]
[PlyCount "120"]
[EventDate "2011.05.27"]
[EventType "team-tourn"]
[EventRounds "9"]
[EventCountry "SLO"]
[SourceTitle "CBM 142 Extra"]
[Source "ChessBase"]
[SourceDate "2011.06.27"]
[SourceVersion "1"]
[SourceVersionDate "2011.06.27"]
[SourceQuality "1"]
[WhiteTeam "Maribor Branik"]
[BlackTeam "Pomgrad Radenska"]
[WhiteTeamCountry "SLO"]
[BlackTeamCountry "SLO"]

1. e4 c5 2. c3 d5 3. exd5 Qxd5 4. d4 Nf6 5. Nf3 e6 6. Na3 Qd8 7. Nc2 Nbd7 8. Bf4 b6 9. Bd3 Bb7 10. Qe2 Be7 11. Rd1 0-0 12. 0-0 a6 13. dxc5 Bxc5 14. Ne5 Nd5 15. Bg3 Nxe5 16. Qxe5 b5 17. Nd4 Re8 18. Rfe1 Rc8 19. Bf1 Qb6 20. Nb3 Be7 21. Qd4 Qxd4 22. Rxd4 Bd8 23. a4 Bc6 24. axb5 axb5 25. Rdd1 Bb6 26. Nd4 Bxd4 27. Rxd4 Ra8 28. c4 bxc4 29. Bxc4 Rec8 30. Bxd5 Bxd5 31. Rd2 Rc4 32. f3 f6 33. Bd6 Ra6 34. Ba3 g5 35. h3 h5 36. Red1 g4 37. hxg4 hxg4 38. Rd4 Rac6 39. Kf2 Kf7 40. Rxc4 Rxc4 41. Rd2 Kg6 42. Bd6 Kf5 43. Kg3 gxf3 44. gxf3 Rc8 45. Rd4 Rc1 46. Bb4 Rf1 47. Rd3 Bb7 48. Bc3 e5 49. Bb4 Rg1+ 50. Kf2 Rh1 51. Kg3 Rf1 52. Bc3 Kg5 53. Bd2+ Kh5 54. Bc3 Kg5 55. Bd2+ Kf5 56. Bc3 Ke6 57. Re3 Bd5 58. Kg2 Rd1 59. Kf2 Kf5 60. Re1 Rxe1 1/2-1/2

[Event "SLO-chT 20th"]
[Site "Gostovanja"]
[Date "2010.11.08"]
[Round "8"]
[White "Tratar, Marko"]
[Black "Mikac, Matjaz"]
[Result "1/2-1/2"]
[WhiteElo "2507"]
[BlackElo "2380"]
[PlyCount "61"]
[EventDate "2010.05.15"]
[EventType "team-tourn"]
[EventRounds "9"]
[EventCountry "SLO"]
[SourceTitle "EXT 2020"]
[Source "ChessBase"]
[SourceDate "2019.10.17"]
[SourceVersion "1"]
[SourceVersionDate "2019.10.17"]
[SourceQuality "1"]
[WhiteTeam "Podpec"]
[BlackTeam "Maribor Branik"]
[WhiteTeamCountry "SLO"]
[BlackTeamCountry "SLO"]

1. d4 Nf6 2. Nf3 d5 3. c4 e6 4. g3 Bb4+ 5. Bd2 Be7 6. Bg2 c6 7. Qc2 b6 8. b3 Ba6 9. 0-0 Nbd7 10. a4 c5 11. Na3 0-0 12. Rfd1 Bb7 13. Bc3 dxc4 14. Nxc4 Qc7 15. Rac1 Rac8 16. dxc5 Bxc5 17. Qb2 Bd5 18. Nfe5 Bxg2 19. Kxg2 Nxe5 20. Bxe5 Qb7+ 21. f3 Be7 22. Nd6 Bxd6 23. Bxf6 Rxc1 24. Qxc1 Be7 25. Bxe7 Qxe7 26. Qc6 Qb4 27. Qc4 Qxc4 28. bxc4 Rc8 29. Rd7 h5 30. Rxa7 Rxc4 31. a5 1/2-1/2

[Event "SLO-chT 20th"]
[Site "Gostovanja"]
[Date "2010.10.30"]
[Round "5"]
[White "Mikac, Matjaz"]
[Black "Markus, Robert"]
[Result "1/2-1/2"]
[WhiteElo "2380"]
[BlackElo "2615"]
[PlyCount "102"]
[EventDate "2010.05.15"]
[EventType "team-tourn"]
[EventRounds "9"]
[EventCountry "SLO"]
[SourceTitle "EXT 2020"]
[Source "ChessBase"]
[SourceDate "2019.10.17"]
[SourceVersion "1"]
[SourceVersionDate "2019.10.17"]
[SourceQuality "1"]
[WhiteTeam "Maribor Branik"]
[BlackTeam "Nova Gorica"]
[WhiteTeamCountry "SLO"]
[BlackTeamCountry "SLO"]

1. e4 c5 2. c3 Nf6 3. e5 Nd5 4. d4 cxd4 5. cxd4 e6 6. Bc4 d6 7. Nf3 Nc6 8. 0-0 Be7 9. exd6 Qxd6 10. Nc3 0-0 11. Re1 Rd8 12. Bb3 Nf6 13. Nb5 Qd7 14. Bf4 a6 15. Nc7 Ra7 16. d5 exd5 17. Rc1 Bb4 18. Re2 Bd6 19. Bxd6 Qxd6 20. Nxd5 Nxd5 21. Qxd5 Qxd5 22. Bxd5 Bd7 23. Ng5 Rf8 24. Rd1 b5 25. Red2 Be8 26. f3 h6 27. Ne4 a5 28. a3 Ne5 29. Nd6 Ng6 30. Nxe8 Rxe8 31. Bc6 Re5 32. Rd5 b4 33. Rxe5 Nxe5 34. Rd8+ Kh7 35. Be4+ g6 36. axb4 axb4 37. Rb8 f5 38. Rb7+ Rxb7 39. Bxb7 Nd3 40. b3 Kg7 41. Ba6 Nc5 42. Bc4 f4 43. g3 Kf6 44. Kf2 Ke5 45. gxf4+ Kxf4 46. Bf7 Nd3+ 47. Ke2 Ne5 48. Bd5 g5 49. Bb7 Nd7 50. Ba6 h5 51. Bc4 Nc5 1/2-1/2

[Event "SLO-chT 20th"]
[Site "Gostovanja"]
[Date "2010.05.16"]
[Round "2"]
[White "Nikolic, Predrag"]
[Black "Mikac, Matjaz"]
[Result "1-0"]
[WhiteElo "2606"]
[BlackElo "2380"]
[PlyCount "194"]
[EventDate "2010.05.15"]
[EventType "team-tourn"]
[EventRounds "9"]
[EventCountry "SLO"]
[SourceTitle "EXT 2020"]
[Source "ChessBase"]
[SourceDate "2019.10.17"]
[SourceVersion "1"]
[SourceVersionDate "2019.10.17"]
[SourceQuality "1"]
[WhiteTeam "Krsko Triglav"]
[BlackTeam "Maribor Branik"]
[WhiteTeamCountry "SVK"]
[BlackTeamCountry "SLO"]

1. d4 Nf6 2. c4 g6 3. g3 Bg7 4. Bg2 c5 5. d5 d6 6. Nf3 b5 7. cxb5 Qa5+ 8. Bd2 Qxb5 9. Nc3 Qb6 10. 0-0 0-0 11. e4 Nbd7 12. Na4 Qc7 13. Re1 Nb6 14. h3 Bd7 15. Nc3 Rab8 16. Bf1 a5 17. a4 Rfc8 18. Kh2 Qb7 19. Rb1 Rf8 20. Bg5 h6 21. Be3 Rbd8 22. Nd2 e6 23. dxe6 fxe6 24. Qb3 Rb8 25. Qc2 g5 26. b3 d5 27. e5 d4 28. exf6 dxe3 29. Nde4 Bxf6 30. Nxf6+ Rxf6 31. Ne4 Rf5 32. Rxe3 Rbf8 33. Bg2 Bc6 34. Re2 Qe7 35. Rbe1 c4 36. bxc4 Bxa4 37. Qa2 Bc6 38. c5 Bd5 39. Qxa5 Nc4 40. Qc3 Qg7 41. Qxg7+ Kxg7 42. g4 Rf4 43. Kg1 Ne5 44. Ng3 Nf3+ 45. Bxf3 Rxf3 46. Rc1 Rc8 47. Rec2 Kf7 48. Rc3 Rf4 49. Nf1 Ke7 50. Ne3 Kd7 51. Rd1 Kc6 52. Nc2 Rb8 53. f3 Rc4 54. Rxc4 Bxc4 55. Ne3 Bd5 56. Kf2 Kxc5 57. Rd3 Rf8 58. Nd1 Kd6 59. Kg3 Ke5 60. Nc3 Rf4 61. Re3+ Kd4 62. Nxd5 Kxd5 63. Rd3+ Ke5 64. Rd8 Rf7 65. Rh8 Rf6 66. Rh7 Kd4 67. Kf2 Ke5 68. Ke3 Kd6 69. Ra7 Rf8 70. Kf2 Ke5 71. Rh7 Rf6 72. Kg3 Kd4 73. Ra7 Ke3 74. Ra3+ Ke2 75. Kg2 Rf7 76. Ra4 Rf6 77. Re4+ Kd2 78. Kf2 Kd3 79. Kg3 Kd2 80. h4 gxh4+ 81. Kxh4 Kd3 82. Kg3 Rg6 83. Re5 Kd4 84. f4 Rf6 85. Kf3 Rg6 86. Re1 Kd5 87. Rd1+ Kc6 88. Kg3 h5 89. g5 e5 90. Re1 exf4+ 91. Kxf4 h4 92. Kf5 Rg8 93. g6 Kd7 94. Rh1 Ke7 95. Rxh4 Rf8+ 96. Kg5 Rf1 97. Rh8 Rg1+ 1-0

[Event "SLO-chT 20th"]
[Site "Gostovanja"]
[Date "2010.05.15"]
[Round "1"]
[White "Mikac, Matjaz"]
[Black "Gjuran, Denis"]
[Result "1/2-1/2"]
[WhiteElo "2380"]
[BlackElo "2340"]
[PlyCount "64"]
[EventDate "2010.05.15"]
[EventType "team-tourn"]
[EventRounds "9"]
[EventCountry "SLO"]
[SourceTitle "EXT 2020"]
[Source "ChessBase"]
[SourceDate "2019.10.17"]
[SourceVersion "1"]
[SourceVersionDate "2019.10.17"]
[SourceQuality "1"]
[WhiteTeam "Maribor Branik"]
[BlackTeam "Radenska Pomgrad"]
[WhiteTeamCountry "SLO"]
[BlackTeamCountry "SLO"]

1. Nf3 d5 2. g3 Nf6 3. Bg2 c6 4. 0-0 Bg4 5. d4 Nbd7 6. Nbd2 e6 7. Re1 Be7 8. c3 0-0 9. e4 dxe4 10. Nxe4 Nxe4 11. Rxe4 Nf6 12. Re1 Qb6 13. Qb3 Qxb3 14. axb3 Bxf3 15. Bxf3 Rfd8 16. Bg5 a6 17. b4 h6 18. Bxf6 Bxf6 19. h4 Rac8 20. Kf1 Kf8 21. Red1 Rd6 22. Be4 Rcd8 23. Ke2 e5 24. dxe5 Bxe5 25. f4 Bf6 26. Rxd6 Rxd6 27. Rd1 Rxd1 28. Kxd1 Bd8 29. Bf5 b6 30. Be4 c5 31. bxc5 bxc5 32. Ke2 Ke7 1/2-1/2

[Event "AUT-chT2M 0910"]
[Site "Austria"]
[Date "2010.04.17"]
[Round "10.2"]
[White "Sandhoefner, Florian"]
[Black "Mikac, Matjaz"]
[Result "1/2-1/2"]
[WhiteElo "2160"]
[BlackElo "2384"]
[PlyCount "68"]
[EventDate "2009.10.10"]
[EventType "team-tourn"]
[EventRounds "11"]
[EventCountry "AUT"]
[SourceTitle "EXT 2011"]
[Source "ChessBase"]
[SourceDate "2010.11.26"]
[SourceVersion "1"]
[SourceVersionDate "2010.11.26"]
[SourceQuality "1"]
[WhiteTeam "St Valentin"]
[BlackTeam "Wolfsberg"]
[WhiteTeamCountry "AUT"]
[BlackTeamCountry "AUT"]

1. e4 d6 2. d4 Nf6 3. Nc3 e5 4. Nge2 c6 5. a4 Be7 6. g3 exd4 7. Nxd4 d5 8. e5 Ng4 9. e6 Nf6 10. exf7+ Kxf7 11. Bg2 Re8 12. 0-0 a5 13. Bf4 Na6 14. Re1 Qb6 15. Qd2 Bd7 16. h3 Kg8 17. Be5 Rf8 18. Re2 Rae8 19. Rae1 Bc5 20. Nb3 Bb4 21. g4 Qd8 22. Bxf6 Qxf6 23. Nxd5 cxd5 24. c3 Rxe2 25. Rxe2 Bd6 26. Qxd5+ Kh8 27. Nxa5 Qf4 28. Nxb7 Qc1+ 29. Bf1 Bh2+ 30. Kg2 Bxa4 31. Nd6 Qf4 32. Nf5 Qc7 33. Re6 Nb8 34. Bb5 Bc2 1/2-1/2

[Event "SLO Cup"]
[Site "Otocec"]
[Date "2009.05.23"]
[Round "2"]
[White "Povse, Martin"]
[Black "Mikac, Matjaz"]
[Result "0-1"]
[WhiteElo "2125"]
[BlackElo "2394"]
[PlyCount "44"]
[EventDate "2009.05.22"]
[EventType "tourn"]
[EventRounds "5"]
[EventCountry "SLO"]
[SourceTitle "CBM 130 Extra"]
[Source "ChessBase"]
[SourceDate "2009.07.02"]
[SourceVersion "2"]
[SourceVersionDate "2009.07.15"]
[SourceQuality "1"]

1. e4 c5 2. Nf3 Nc6 3. d4 cxd4 4. Nxd4 g6 5. c4 Nf6 6. Nc3 d6 7. Be2 Nxd4 8. Qxd4 Bg7 9. Be3 0-0 10. Qd2 a5 11. 0-0 a4 12. Rac1 Qa5 13. Rfd1 Be6 14. f3 Rfc8 15. Nb5 Nd7 16. Rc2 Qxd2 17. Rdxd2 Ne5 18. c5 dxc5 19. Bxc5 Kf8 20. Be3 Rxc2 21. Rxc2 Bxa2 22. Rc7 Nc6 0-1

[Event "SLO-chT 18th"]
[Site "Murska Sobota"]
[Date "2008.12.13"]
[Round "8"]
[White "Mikac, Matjaz"]
[Black "Mikhalchishin, Adrian"]
[Result "1/2-1/2"]
[WhiteElo "2398"]
[BlackElo "2522"]
[PlyCount "22"]
[EventDate "2008.12.06"]
[EventType "team-tourn"]
[EventRounds "9"]
[EventCountry "SLO"]
[SourceTitle "CBM 127 Extra"]
[Source "ChessBase"]
[SourceDate "2009.01.08"]
[SourceVersion "2"]
[SourceVersionDate "2009.01.28"]
[SourceQuality "1"]
[WhiteTeam "Maribor Branik"]
[BlackTeam "Ptuj Tehcenter"]
[WhiteTeamCountry "SLO"]
[BlackTeamCountry "SLO"]

1. d4 Nf6 2. Nf3 e6 3. Bg5 d5 4. e3 c5 5. c3 Be7 6. Nbd2 Nbd7 7. Bd3 Qc7 8. 0-0 0-0 9. Qe2 c4 10. Bc2 b5 11. e4 dxe4 1/2-1/2

[Event "AUT-chT2M 0809"]
[Site "Austria"]
[Date "2008.11.29"]
[Round "3.3"]
[White "Pilaj, Herwig"]
[Black "Mikac, Matjaz"]
[Result "1/2-1/2"]
[WhiteElo "2393"]
[BlackElo "2398"]
[PlyCount "35"]
[EventDate "2008.10.11"]
[EventType "tourn"]
[EventRounds "11"]
[EventCountry "AUT"]
[SourceTitle "CBM 127 Extra"]
[Source "ChessBase"]
[SourceDate "2009.01.08"]
[SourceVersion "2"]
[SourceVersionDate "2009.01.28"]
[SourceQuality "1"]
[WhiteTeam "Klagenfurt"]
[BlackTeam "Wolfsberg"]
[WhiteTeamCountry "AUT"]
[BlackTeamCountry "AUT"]

1. d4 Nf6 2. Nf3 e6 3. c4 d5 4. Nc3 Bb4 5. Qa4+ Nc6 6. cxd5 exd5 7. Bg5 h6 8. Bxf6 Qxf6 9. e3 0-0 10. Be2 a6 11. 0-0 Be6 12. Qb3 Bd6 13. Rac1 Ne7 14. Na4 c6 15. Nc5 Bxc5 16. Rxc5 Bg4 17. Re1 Bxf3 18. Bxf3 1/2-1/2

[Event "AUT-chT2M 0809"]
[Site "Austria"]
[Date "2008.10.11"]
[Round "1.4"]
[White "Mikac, Matjaz"]
[Black "Ennsberger, Ulrich"]
[Result "1-0"]
[WhiteElo "2398"]
[BlackElo "2315"]
[PlyCount "85"]
[EventDate "2008.10.11"]
[EventType "tourn"]
[EventRounds "11"]
[EventCountry "AUT"]
[SourceTitle "EXT 2009"]
[Source "ChessBase"]
[SourceDate "2008.11.26"]
[SourceVersion "1"]
[SourceVersionDate "2008.11.26"]
[SourceQuality "1"]
[WhiteTeam "Wolfsberg"]
[BlackTeam "Voecklabruck"]
[WhiteTeamCountry "AUT"]
[BlackTeamCountry "AUT"]

1. e4 c6 2. d4 d5 3. exd5 cxd5 4. c4 Nf6 5. Nc3 e6 6. Nf3 Be7 7. cxd5 Nxd5 8. Bd3 Nc6 9. 0-0 0-0 10. Re1 Ncb4 11. Bb1 Nf6 12. a3 Nbd5 13. Qd3 Re8 14. Ne5 Bd7 15. Bg5 g6 16. Ba2 Rc8 17. Qh3 Rc7 18. Bxd5 exd5 19. Qf3 Be6 20. Nb5 Rc2 21. Qb3 Rc4 22. Nxc4 dxc4 23. Qf3 a6 24. Nc3 Qxd4 25. Rad1 Qg4 26. Qxg4 Nxg4 27. Bxe7 Rxe7 28. Rd8+ Kg7 29. Nd5 Rd7 30. Rxd7 Bxd7 31. Re7 Bc6 32. Nb4 Bb5 33. f3 Kf8 34. Rxb7 Ne3 35. Na2 Nd1 36. Nc3 Nxb2 37. Nxb5 axb5 38. Rxb5 Nd3 39. Rb8+ Ke7 40. Rc8 Nb2 41. Kf1 Kd7 42. Rb8 c3 43. Ke2 1-0